|
|
|
|
| LEADER |
01130nam a2200289 i 4500 |
| 001 |
569 |
| 003 |
BD-DhAAL |
| 005 |
20130826121451.0 |
| 008 |
130826s1978 bg b 000 0 eng d |
| 010 |
|
|
|a 79900316
|
| 040 |
|
|
|a DLC
|c DLC
|d DLC
|d BD-DhAAL
|
| 050 |
0 |
0 |
|a HN690.6.A8
|b T47
|
| 082 |
0 |
0 |
|a 307.7/2/095492
|
| 100 |
1 |
|
|a Thorp, John P.
|9 2794
|
| 245 |
1 |
0 |
|a Power among the farmers of Daripalla :
|b a Bangladesh village study /
|c by John P. Thorp.
|
| 260 |
|
|
|a Dacca :
|b Caritas Bangladesh,
|c 1978.
|
| 300 |
|
|
|a vi, 136, [1] p. ;
|c 23 cm.
|
| 500 |
|
|
|a "Study sponsored by Caritas Bangladesh and Asia Partnership for Human Development."
|
| 504 |
|
|
|a Includes bibliography (p. [137])
|
| 541 |
|
|
|e 569
|
| 650 |
|
0 |
|a Villages
|z Bangladesh
|x Case studies.
|9 2795
|
| 651 |
|
0 |
|a Bangladesh
|x Rural conditions
|x Case studies.
|9 2796
|
| 710 |
2 |
|
|a Caritas Bangladesh.
|9 2797
|
| 710 |
2 |
|
|a Asia Partnership for Human Development.
|9 2798
|
| 942 |
|
|
|2 ddc
|c BK
|
| 999 |
|
|
|c 13891
|d 13891
|
| 952 |
|
|
|0 0
|1 0
|2 ddc
|4 0
|6 307_720954920000000_THO
|7 0
|9 23242
|a BRACUL
|b BRACUL
|c GEN
|d 2013-08-26
|g 25.00
|l 0
|o 307.72095492 THO
|p 3010000569
|r 2013-08-26
|t 1
|w 2013-08-26
|y BK
|